Tiny Love - MIKA (All Lyrics) - Statistics

General Stats
  • This quiz has been taken 3 times
  • The average score is 248 of 331
Answer Stats
Answer % Correct
1983
100%
a
100%
born
100%
But
100%
but
100%
can
100%
care
100%
dancin',
100%
dancin'
100%
different
100%
do
100%
"don't-
100%
Don't
100%
dull
100%
get
100%
high
100%
Holbrook
100%
I
100%
I'm
100%
in
100%
is
100%
love
100%
love,
100%
me
100%
Michael
100%
My
100%
my
100%
name
100%
no
100%
No,
100%
now
100%
on
100%
see
100%
that
100%
the
100%
The
100%
Tiny
100%
tiny
100%
tiny,
100%
to
100%
us
100%
used
100%
walk
100%
was
100%
way
100%
who
100%
you
100%
You
100%
after
67%
be
67%
better
67%
bunch
67%
bursting
67%
Central
67%
colors
67%
couldn't
67%
crazy
67%
day
67%
declarations
67%
doves
67%
dramatic
67%
every
67%
gets
67%
grey,
67%
if
67%
into
67%
It
67%
it
67%
It's
67%
its
67%
it's
67%
kind
67%
know-
67%
life
67%
mind
67%
missing"
67%
morning"
67%
not
67%
of
67%
Oh
67%
oh,
67%
oh
67%
Our
67%
our
67%
over
67%
pain
67%
Park
67%
pleasure
67%
rain
67%
shaped
67%
So
67%
song
67%
spell
67%
sun
67%
sunrise
67%
there-
67%
There's
67%
they're-
67%
thing
67%
This
67%
this
67%
train
67%
We
67%
what-
67%
world
67%
world,
67%
your
67%
acting
33%
all
33%
And
33%
and
33%
around
33%
away
33%
bad
33%
bigger
33%
blows
33%
broken
33%
can't
33%
canyons
33%
drawn
33%
face
33%
find
33%
finds
33%
For
33%
giants
33%
give
33%
goes
33%
has
33%
hearts
33%
hundred
33%
I'd
33%
isn't
33%
just
33%
like
33%
losing
33%
loves
33%
may
33%
Monday-
33%
One
33%
one
33%
ones
33%
other
33%
others
33%
outline
33%
revolves
33%
sits
33%
small
33%
Sometimes
33%
spoken
33%
stars
33%
"still-
33%
strange
33%
think
33%
thousand
33%
tough,
33%
up
33%
we're
33%
with
33%
No matching quizzes found
Score Distribution
Percent of People with Each Score
Percentile by Number Answered
Your Score History
You have not taken this quiz